Movies Quiz

Random Movies or Oscar Quiz

Best Picture Winners with No Repeating Vowels Quiz Stats

 Plays Quiz Updated Mar 4, 2018

Challenge
Share
Tweet
Embed
Score 0/19 Timer 05:00
1 Play Today
Best Picture Oscar Winner % Correct
Crash (2005)
69.3%
Argo (2012)
69.2%
The Artist (2011)
56.5%
Rocky (1976)
54.1%
Spotlight (2015)
53.8%
Wings (1927-1928)
52.8%
Forrest Gump (1994)
52.3%
Chicago (2002)
50.4%
Gandhi (1982)
46.1%
Patton (1970)
43.3%
Best Picture Oscar Winner % Correct
Unforgiven (1992)
41.3%
Marty (1955)
37.8%
The Sting (1973)
37.6%
Ben-Hur (1959)
36.1%
Oliver! (1968)
35.9%
Cimarron (1930-1931)
31.7%
Hamlet (1948)
28.5%
Grand Hotel (1931-1932)
27%
Going My Way (1944)
16%

You're not logged in!

Compare scores with friends on all Sporcle quizzes.
Join for Free
OR
Log In

You Might Also Like...

Show Comments

Extras

Top Quizzes Today


Score Distribution

Your Account Isn't Verified!

In order to create a playlist on Sporcle, you need to verify the email address you used during registration. Go to your Sporcle Settings to finish the process.

Report this User

Report this user for behavior that violates our Community Guidelines.

Details: